| 000 | 01088nam a2200301 a 4500 | ||
|---|---|---|---|
| 001 | 000025918 | ||
| 003 | DO-SdBNP | ||
| 005 | 20240316073919.0 | ||
| 007 | ta | ||
| 008 | 110224s2007 dr 000 0 spa d | ||
| 020 | _a9789945020281 | ||
| 040 |
_aDO-SdBNP _bspa _cBNPHU |
||
| 082 | 4 |
_a972.9304 _bL791e _222 |
|
| 100 | 1 |
_aLlenas, Alejandro, _d1844-1902 _9169 |
|
| 245 | 1 | 0 |
_aEnsayos y apuntes diversos / _cAlejandro Llenas ; editor Andrés Blanco Díaz. |
| 260 |
_aSanto Domingo : _bArchivo General de la Nación, _c2007. |
||
| 300 |
_a267 p. ; _c23 cm. |
||
| 490 | 1 |
_aArchivo General de la Nación _v42 |
|
| 500 | _aIncluye índice onomástico | ||
| 504 | _aIncluye bibliografía y notas al pie de páginas. | ||
| 590 | _aInventariado, 2020/YL | ||
| 651 | 4 |
_aRepública Dominicana _xHistoria _y1844-1930 _xEnsayos, conferencias, etc. _938562 |
|
| 651 | 4 |
_aRepública Dominicana _xDescripciones y viajes _91651 |
|
| 700 | 1 |
_aBlanco Díaz, Andrés _eed. _9172 |
|
| 830 | 0 |
_aArchivo General de la Nación _n42 _952778 |
|
| 910 | _aValidado. Control de calidad EMS | ||
| 942 |
_2ddc _cLBS1 |
||
| 999 |
_c25410 _d25410 |
||